000 00745nam a22002177a 4500
005 20180202135855.0
010 _aBAC-CH25
020 _a9788180221255
_c195.00
035 _aB-558223-251
035 _aB-669734
035 _aG-003421
037 _adpl
_bABC /Ven
037 _bReceived from DB Act Children Books
082 _a503
245 _aHow things occur /
260 _bPriority Publications
_c2013
_anew delhi
300 _a120p.:
_bcol.ill.
_c27cm(pbk)
942 _2ddc
_cCH
_mHOW
_h503
999 _c86955
_d86955